MILESTONES in rubber research : 75th anniversary of the Rubber Research Institute of Malaysia (1925-2000)

Bibliographic Details
Corporate Author: Malaysian Rubber Board
Format: Book
Published: Kuala Lumpur : Lembaga Getah Malaysia , 2000
Subjects:

MARC

LEADER 00000cam a2200000 7i4500
001 0000000983
005 20131204.0
020 0 0 |a 9832088062 
090 0 0 |a R633.895209595   |b MIL 2000 
245 0 0 |a MILESTONES in rubber research :   |b 75th anniversary of the Rubber Research Institute of Malaysia (1925-2000) 
260 0 0 |a Kuala Lumpur :   |b Lembaga Getah Malaysia ,   |c 2000 
300 |a vi, 103 p. :   |b col. ill. ;   |c 26 cm. 
650 0 0 |a Hevea   |z Malaysia 
650 0 0 |a Rubber industry and trade   |z Malaysia 
710 1 1 |a Malaysian Rubber Board 
998 |a JPSM 
999 |a 0000001968   |b Monograph   |c Reference   |e Default branch